000 01023cam a22002174a 4500
005 20250605164307.0
008 250528s ||||||||||||||||||||||||d
035 _a22317
020 _a9789609539975
040 _aGR-AtMCL
_bgre
_dGR-AtMCL
_eAACR2
245 1 _aΓνωστική Ψυχολογία
260 _bΔιάδραση,
_c2011
300 _a834
520 _aΟ συγγραφέας αυτού του βιβλίου μιλάει με εξαιρετική σαφήνεια και με ιδιαίτερα προσιτό τρόπο για τη φύση της Γνωστικής Ψυχολογίας, την προσοχή και τη συνείδηση, την αντίληψη, τη μνήμη, την αναπαράσταση της γνώσης, τη γλώσσα, τη λύση προβλημάτων και τη δημι
700 1 _aStenberg Robert J
_9254
700 1 _aΚαΐλα Μαρία
_98177
700 1 _aΞανθάκου Γίωτα
_98178
942 _cBK
999 _c7371
_d7371